[Event "CRO-chT2 East"]
[Site "Osijek"]
[Date "2010.04.17"]
[Round "1.62"]
[White "Popovic, Bozidar"]
[Black "Sulc, Damir"]
[Result "1/2-1/2"]
[WhiteElo "2250"]
[BlackElo "2286"]
[PlyCount "123"]
[EventDate "2010.04.17"]
[EventType "team-tourn"]
[EventRounds "11"]
[EventCountry "CRO"]
[SourceTitle "EXT 2012"]
[Source "ChessBase"]
[SourceDate "2011.11.24"]
[SourceVersion "1"]
[SourceVersionDate "2011.11.24"]
[SourceQuality "1"]

1. d4 Nf6 2. Nf3 e6 3. e3 c5 4. b3 b6 5. Bd3 Bb7 6. Bb2 Be7 7. 0-0 0-0 8. c4 cxd4 9. exd4 d5 10. Ne5 Nc6 11. Nd2 dxc4 12. Nxc6 Bxc6 13. bxc4 Qc7 14. Re1 Rfd8 15. Qe2 Re8 16. Rad1 Qf4 17. Bb1 Qg4 18. f3 Qh5 19. Qd3 Rad8 20. Qc2 Bd6 21. Nf1 Rc8 22. Ng3 Bxg3 23. hxg3 Bd5 24. Qf2 Rxc4 25. g4 Qg5 26. Bc1 Rxc1 27. Rxc1 h5 28. gxh5 Nxh5 29. Rc7 Ng3 30. Qc2 f5 31. Rxa7 Qh4 32. Rd1 Qh1+ 33. Kf2 Qh4 34. Qc7 Nh5+ 35. g3 Qh2+ 36. Ke3 Rf8 37. Bc2 Qg2 38. Bb3 Qxf3+ 39. Kd2 Bxb3 40. axb3 Qe4 41. Kc3 Qe3+ 42. Rd3 Qe1+ 43. Kc4 Qe4 44. Qxb6 Nf6 45. Qb7 Qg4 46. Ra8 Nd5 47. b4 Qe4 48. Ra7 Qg4 49. Ra8 Qe2 50. Raa3 Qc2+ 51. Kb5 Nc7+ 52. Ka5 Ra8+ 53. Kb6 Nd5+ 54. Qxd5 Rb8+ 55. Qb7 Rxb7+ 56. Kxb7 Qc4 57. Rab3 Qb5+ 58. Kc7 Kf7 59. Kd6 Qb6+ 60. Kd7 Qb7+ 61. Kd6 Qb6+ 62. Kd7 1/2-1/2

[Event "CRO-chT2c"]
[Site "Croatia"]
[Date "2009.10.17"]
[Round "8"]
[White "Miranovic, Rajko"]
[Black "Popovic, Bozidar"]
[Result "1-0"]
[WhiteElo "2385"]
[BlackElo "2243"]
[PlyCount "59"]
[EventDate "2009.04.04"]
[EventType "team-tourn"]
[EventRounds "11"]
[EventCountry "CRO"]
[SourceTitle "EXT 2011"]
[Source "ChessBase"]
[SourceDate "2010.11.26"]
[SourceVersion "1"]
[SourceVersionDate "2010.11.26"]
[SourceQuality "1"]

1. e4 d6 2. d4 Nf6 3. Nc3 e5 4. Nf3 Nbd7 5. Bc4 Be7 6. 0-0 0-0 7. a4 c6 8. Re1 Qc7 9. a5 Re8 10. h3 Nf8 11. Ng5 Ne6 12. Nxe6 Bxe6 13. Bxe6 fxe6 14. Qd3 d5 15. exd5 exd4 16. Ne2 exd5 17. Bf4 Bd6 18. Bxd6 Qxd6 19. Nxd4 Rxe1+ 20. Rxe1 Re8 21. Rxe8+ Nxe8 22. Qf5 Qe7 23. a6 bxa6 24. Nxc6 Qe1+ 25. Kh2 Nf6 26. Qc8+ Kf7 27. Qc7+ Kg6 28. Ne5+ Kf5 29. g4+ Ke6 30. Nd3 1-0

[Event "CRO-chT2c"]
[Site "Croatia"]
[Date "2009.05.02"]
[Round "4"]
[White "Saric, Kristina"]
[Black "Popovic, Bozidar"]
[Result "1/2-1/2"]
[WhiteElo "2233"]
[BlackElo "2257"]
[PlyCount "117"]
[EventDate "2009.04.04"]
[EventType "team-tourn"]
[EventRounds "11"]
[EventCountry "CRO"]
[SourceTitle "EXT 2010"]
[Source "ChessBase"]
[SourceDate "2010.11.25"]
[SourceVersion "1"]
[SourceVersionDate "2010.11.25"]
[SourceQuality "1"]

1. e4 e5 2. Nf3 Nc6 3. Bb5 Nf6 4. d3 Bc5 5. c3 0-0 6. 0-0 d6 7. h3 h6 8. Re1 Bb6 9. Nbd2 Ne7 10. d4 Ng6 11. Nc4 c6 12. Nxb6 Qxb6 13. Bf1 Re8 14. dxe5 dxe5 15. Qc2 Be6 16. Be3 Qc7 17. Red1 b6 18. a4 Rad8 19. b4 Nh5 20. a5 Rxd1 21. Qxd1 Nhf4 22. axb6 axb6 23. Ra6 Rd8 24. Qa1 c5 25. Kh2 f5 26. bxc5 bxc5 27. Bxf4 Nxf4 28. g3 Bc8 29. Ra7 Qc6 30. gxf4 Qxe4 31. Bg2 Qxf4+ 32. Kg1 e4 33. c4 Rd7 34. Rxd7 Bxd7 35. Ne1 Be6 36. Qc3 e3 37. Qxe3 Qxe3 38. fxe3 Bxc4 39. Kf2 Kf7 40. Nf3 Kf6 41. Nd2 Bd3 42. Bd5 Ke5 43. Bf7 f4 44. Nc4+ Kf6 45. exf4 Bf5 46. Bd5 Bxh3 47. Kg3 Be6 48. Bxe6 Kxe6 49. Kg4 Kd5 50. Nb6+ Ke4 51. f5 h5+ 52. Kxh5 Kxf5 53. Kh4 Kf4 54. Kh3 g5 55. Kg2 Ke4 56. Kg3 Kd4 57. Kg4 c4 58. Nxc4 Kxc4 59. Kxg5 1/2-1/2

[Event "CRO-chT2"]
[Site "Pula"]
[Date "1998.??.??"]
[Round "5"]
[White "Popovic, Bozidar"]
[Black "Dutina, Dario"]
[Result "0-1"]
[WhiteElo "2280"]
[BlackElo "2265"]
[PlyCount "62"]
[EventDate "1998.??.??"]
[EventType "team"]
[EventRounds "9"]
[EventCountry "CRO"]
[SourceTitle "EXT 2000"]
[Source "ChessBase"]
[SourceDate "1999.11.16"]
[SourceVersion "1"]
[SourceVersionDate "1999.11.16"]
[SourceQuality "1"]

1. e4 e5 2. Nf3 Nc6 3. Bc4 Nf6 4. d3 Bc5 5. 0-0 d6 6. c3 a6 7. Bb3 Ba7 8. Nbd2 0-0 9. h3 Ne7 10. Re1 Ng6 11. Nf1 c6 12. Ng3 Re8 13. d4 h6 14. Bc2 Nh7 15. Be3 Ng5 16. Nxg5 hxg5 17. Nf5 Nf4 18. g3 Bxf5 19. exf5 exd4 20. cxd4 Nd5 21. Qg4 Qf6 22. Kg2 Nxe3+ 23. fxe3 Re7 24. Re2 Rae8 25. Rae1 d5 26. Bd3 c5 27. dxc5 Bxc5 28. e4 Qd4 29. Bc2 dxe4 30. Bxe4 b6 31. h4 Bb4 0-1

[Event "CRO-chT2"]
[Site "Pula"]
[Date "1998.??.??"]
[Round "8"]
[White "Popovic, Bozidar"]
[Black "Susnjar, Miroslav"]
[Result "1-0"]
[WhiteElo "2280"]
[BlackElo "2230"]
[PlyCount "61"]
[EventDate "1998.??.??"]
[EventType "team"]
[EventRounds "9"]
[EventCountry "CRO"]
[SourceTitle "EXT 2000"]
[Source "ChessBase"]
[SourceDate "1999.11.16"]
[SourceVersion "1"]
[SourceVersionDate "1999.11.16"]
[SourceQuality "1"]

1. e4 c5 2. c3 d6 3. d4 Nf6 4. dxc5 Nc6 5. Bc4 e6 6. Qe2 dxc5 7. Nf3 Be7 8. 0-0 Qc7 9. Rd1 a6 10. a4 Ng4 11. Na3 Nce5 12. Nxe5 Nxe5 13. Bb3 g5 14. f4 c4 15. Nxc4 Nxc4 16. Qxc4 Qb6+ 17. Kh1 Bd7 18. a5 Qf2 19. Qd4 Qxd4 20. cxd4 gxf4 21. Bxf4 Rc8 22. h3 Bd8 23. Bd6 Bc7 24. Bb4 Rg8 25. Rac1 Rg5 26. d5 Re5 27. Rxc7 Rxc7 28. Bd6 Rxe4 29. Bxc7 Rb4 30. dxe6 fxe6 31. Rd3 1-0

[Event "CRO Cup"]
[Site "Pula"]
[Date "1993.??.??"]
[Round "?"]
[White "Markovic, Igor"]
[Black "Popovic, Bozidar"]
[Result "0-1"]
[WhiteElo "2255"]
[BlackElo "2255"]
[PlyCount "108"]
[EventDate "1993.??.??"]
[EventType "team"]
[EventRounds "5"]
[EventCountry "CRO"]
[SourceTitle "EXT 2000"]
[Source "ChessBase"]
[SourceDate "1999.11.16"]
[SourceVersion "1"]
[SourceVersionDate "1999.11.16"]
[SourceQuality "1"]

1. e3 Nf6 2. b3 g6 3. Bb2 Bg7 4. f4 0-0 5. Nf3 d6 6. Be2 c5 7. 0-0 Nc6 8. Bb5 Qb6 9. Na3 a6 10. Nc4 Qc7 11. Bxc6 Qxc6 12. a4 b5 13. axb5 axb5 14. Na3 Ba6 15. d3 e5 16. fxe5 Ng4 17. Re1 Nxe5 18. Nxe5 dxe5 19. Qe2 f5 20. c4 b4 21. Nc2 Rad8 22. d4 exd4 23. exd4 Qb6 24. Qe6+ Qxe6 25. Rxe6 Bc8 26. Ree1 Bb7 27. Re7 Be4 28. Raa7 Bf6 29. dxc5 Bxb2 30. Nxb4 Bd4+ 31. Kf1 Ra8 32. Rxh7 Rxa7 33. Rxa7 Bxc5 34. Ra4 Ra8 35. Rxa8+ Bxa8 36. Nd3 Bd4 37. g3 Be4 38. Nf4 Kf7 39. h4 Bc2 40. b4 Bb3 41. c5 Bc4+ 42. Kg2 Bb5 43. g4 Bc3 44. h5 g5 45. Nh3 Kf6 46. gxf5 Kxf5 47. h6 Bc6+ 48. Kf1 g4 49. Ng1 Kg6 50. Ne2 Bb5 51. c6 Be5 52. Kf2 Bxe2 53. Kxe2 Kxh6 54. b5 Bc7 0-1